|
|
|
|
| LEADER |
01690nam a2200445Ia 4500 |
| 001 |
EBC592922 |
| 003 |
MiAaPQ |
| 005 |
20200520144314.0 |
| 006 |
m o d | |
| 007 |
cr cn||||||||| |
| 008 |
100820s2010 nyua sb 001 0 eng d |
| 010 |
|
|
|z 2010035441
|
| 020 |
|
|
|z 0415446279 (hardback : alk. paper)
|
| 020 |
|
|
|z 0415446287 (pbk. : alk. paper)
|
| 020 |
|
|
|z 9780415446273 (hardback : alk. paper)
|
| 020 |
|
|
|z 9780415446280 (pbk. : alk. paper)
|
| 020 |
|
|
|a 0203842758 (electronic bk.)
|
| 020 |
|
|
|a 9780203842751 (electronic bk.)
|
| 035 |
|
|
|a (MiAaPQ)EBC592922
|
| 035 |
|
|
|a (Au-PeEL)EBL592922
|
| 035 |
|
|
|a (CaPaEBR)ebr10432355
|
| 035 |
|
|
|a (CaONFJC)MIL291273
|
| 035 |
|
|
|a (OCoLC)688186432
|
| 040 |
|
|
|a MiAaPQ
|c MiAaPQ
|d MiAaPQ
|
| 050 |
|
4 |
|a HF5549.5.C35
|b D53 2010
|
| 082 |
0 |
4 |
|a 658.3
|2 22
|
| 100 |
1 |
|
|a Dickmann, Michael.
|
| 245 |
1 |
0 |
|a Global careers
|h [electronic resource] /
|c Michael Dickmann and Yehuda Baruch.
|
| 260 |
|
|
|a New York, NY :
|b Routledge,
|c 2010.
|
| 300 |
|
|
|a xxi, 320 p. :
|b ill.
|
| 490 |
1 |
|
|a Routledge global human resource management series
|
| 504 |
|
|
|a Includes bibliographical references and index.
|
| 533 |
|
|
|a Electronic reproduction. Ann Arbor, MI : ProQuest, 2015. Available via World Wide Web. Access may be limited to ProQuest affiliated libraries.
|
| 650 |
|
0 |
|a Career development.
|
| 650 |
|
0 |
|a International business enterprises
|x Personnel management.
|
| 655 |
|
4 |
|a Electronic books.
|
| 700 |
1 |
|
|a Baruch, Yehuda.
|
| 710 |
2 |
|
|a ProQuest (Firm)
|
| 830 |
|
0 |
|a Routledge global human resource management series.
|
| 856 |
4 |
0 |
|u https://ebookcentral.proquest.com/lib/matrademy/detail.action?docID=592922
|z Click to View
|